Régions ayant le plus voté pour Renaissance (ex-LREM) (2022) - Statistiques

Statistiques générales
  • Ce quiz a été pris 21 fois
  • Le résultat moyen est 12 sur 17
Statistiques - réponses
Score Région % Correct
32,79% Bretagne
100%
33,28% Pays de la Loire
92%
30,19% Île-de-France
85%
28,53% Centre-Val-de-Loire
77%
29,26% Normandie
77%
25,39% Hauts-de-France
69%
27,75% Auvergne-Rhône-Alpes
62%
26,32% Bourgogne-Franche-Comté
62%
18,11% Corse
62%
27,28% Grand Est
62%
13,43% Guadeloupe
62%
16,04% Guyane
62%
18,04% La Réunion
62%
27,63% Nouvelle-Aquitaine
62%
23,48% Occitanie
62%
23,34% Provence-Alpes-Côte-d'Azur
62%
16,30% Martinique
54%
Aucun quiz correspondant
Distribution des résultats
% des personnes avec chaque résultat
Percentile par nombre de réponses
Votre historique - résultats
Vous n’avez pas pris ce quiz